[Event "Mittelrhein Verbandsliga-W 18/19"]
[Site "Nordrheinwestfalen"]
[Date "2019.04.07"]
[Round "9.5"]
[White "Krebs, Dietmar"]
[Black "Freialdenhoven, Andreas"]
[Result "1/2-1/2"]
[WhiteElo "1856"]
[BlackElo "1826"]
[PlyCount "60"]
[EventDate "2018.09.02"]
[EventType "team-tourn"]
[EventRounds "11"]
[EventCountry "GER"]
[SourceTitle "EXT 2022"]
[Source "ChessBase"]
[SourceDate "2021.10.06"]
[SourceVersion "1"]
[SourceVersionDate "2021.10.06"]
[SourceQuality "1"]
[WhiteTeam "Koeln Lasker II"]
[BlackTeam "Brand SF"]
[WhiteTeamCountry "GER"]
[BlackTeamCountry "GER"]

1. e4 d5 2. exd5 Qxd5 3. Nc3 Qa5 4. d4 c6 5. Nf3 Nf6 6. Bc4 Bf5 7. 0-0 e6 8. Bd2 Bb4 9. a3 Bxc3 10. Bxc3 Qc7 11. Bd3 Bxd3 12. Qxd3 0-0 13. Rad1 Nbd7 14. Qe2 Rfd8 15. Bd2 c5 16. Bg5 h6 17. Bh4 Qf4 18. Bg3 Qe4 19. Rfe1 Qxe2 20. Rxe2 c4 21. Rde1 Nd5 22. c3 b5 23. Ne5 Nxe5 24. Rxe5 Rd7 25. f4 Kf8 26. f5 exf5 27. Rxf5 Re8 28. Ree5 Rxe5 29. Rxe5 f6 30. Re6 Nb6 1/2-1/2

[Event "Mittelrhein Verbandsliga-W 18/19"]
[Site "Nordrheinwestfalen"]
[Date "2019.02.10"]
[Round "7.5"]
[White "Krebs, Dietmar"]
[Black "Baldus, Alexander"]
[Result "0-1"]
[WhiteElo "1856"]
[BlackElo "1811"]
[PlyCount "130"]
[EventDate "2018.09.02"]
[EventType "team-tourn"]
[EventRounds "11"]
[EventCountry "GER"]
[SourceTitle "EXT 2022"]
[Source "ChessBase"]
[SourceDate "2021.10.06"]
[SourceVersion "1"]
[SourceVersionDate "2021.10.06"]
[SourceQuality "1"]
[WhiteTeam "Koeln Lasker II"]
[BlackTeam "Pulheim"]
[WhiteTeamCountry "GER"]
[BlackTeamCountry "GER"]

1. e4 c5 2. Nf3 d6 3. d4 cxd4 4. Nxd4 Nf6 5. Nc3 e6 6. Be2 a6 7. f4 Be7 8. 0-0 Qc7 9. Kh1 0-0 10. Be3 b5 11. Bf3 Bb7 12. a3 Nbd7 13. Qe2 Rac8 14. Rac1 Nc5 15. Bf2 Rfd8 16. g4 d5 17. e5 Nfe4 18. Nxe4 Nxe4 19. Be3 Qc4 20. Qxc4 dxc4 21. c3 Bd5 22. Kg2 Nc5 23. Bxd5 Rxd5 24. Rce1 Nd3 25. Re2 Bc5 26. Kf3 Kf8 27. Ke4 Ke8 28. Nf3 Rcd8 29. Bxc5 Nxc5+ 30. Ke3 Rd3+ 31. Kf2 Nb3 32. Rfe1 Rd1 33. Rxd1 Rxd1 34. Ke3 Nc1 35. Re1 Rd3+ 36. Kf2 Nb3 37. Re3 Nc1 38. Re1 Nb3 39. Re3 Rd1 40. Re1 Rd5 41. Re2 Nc1 42. Rc2 Rd1 43. Ke3 Nd3 44. f5 exf5 45. gxf5 Rb1 46. Rg2 g6 47. fxg6 hxg6 48. e6 Rxb2 49. exf7+ Kxf7 50. Ne5+ Kf6 51. Rxb2 Nxb2 52. Kd4 Kf5 53. h3 g5 54. Nc6 Nd1 55. a4 bxa4 56. Kxc4 a3 57. Kb3 a2 58. Kxa2 Nxc3+ 59. Kb3 Nd5 60. Nd4+ Kg6 61. Ne6 Nf4 62. Nc5 Nxh3 63. Ne4 Nf4 64. Ka4 Nd5 65. Ka5 Nc7 0-1

[Event "Mittelrhein Verbandsliga-W 18/19"]
[Site "Nordrheinwestfalen"]
[Date "2018.10.28"]
[Round "3.5"]
[White "Spies, Ulrich"]
[Black "Krebs, Dietmar"]
[Result "1/2-1/2"]
[WhiteElo "1877"]
[BlackElo "1856"]
[PlyCount "58"]
[EventDate "2018.09.02"]
[EventType "team-tourn"]
[EventRounds "11"]
[EventCountry "GER"]
[SourceTitle "EXT 2022"]
[Source "ChessBase"]
[SourceDate "2021.10.06"]
[SourceVersion "1"]
[SourceVersionDate "2021.10.06"]
[SourceQuality "1"]
[WhiteTeam "Eschweiler SC"]
[BlackTeam "Koeln Lasker II"]
[WhiteTeamCountry "GER"]
[BlackTeamCountry "GER"]

1. e4 c5 2. c4 Nc6 3. Nc3 g6 4. g3 Bg7 5. Nge2 e6 6. Bg2 Nge7 7. 0-0 0-0 8. d3 d6 9. Be3 Nd4 10. Qd2 Nec6 11. Bh6 a6 12. Bxg7 Kxg7 13. Nxd4 Nxd4 14. Ne2 Nxe2+ 15. Qxe2 e5 16. h3 Bd7 17. f4 f6 18. Kh2 b5 19. Rf2 Qe7 20. b3 b4 21. a3 a5 22. Qd1 Bc6 23. f5 g5 24. Rfa2 Rfb8 25. axb4 axb4 26. Rxa8 Rxa8 27. Rxa8 Bxa8 28. Qa1 Bc6 29. Qa5 Be8 1/2-1/2

[Event "Rheinland Pfalz op Seniors 15th"]
[Site "Neustadt an der Weinstrasse"]
[Date "2017.07.19"]
[Round "5"]
[White "Hagen, Peter"]
[Black "Krebs, Dietmar"]
[Result "1-0"]
[WhiteElo "2218"]
[BlackElo "1998"]
[PlyCount "61"]
[EventDate "2017.07.15"]
[EventType "swiss"]
[EventRounds "9"]
[EventCountry "GER"]
[SourceTitle "EXT 2018"]
[Source "ChessBase"]
[SourceDate "2017.10.13"]
[SourceVersion "1"]
[SourceVersionDate "2017.10.13"]
[SourceQuality "1"]

1. e4 c5 2. Nc3 Nc6 3. f4 g6 4. Nf3 Bg7 5. Bc4 e6 6. f5 Nge7 7. fxe6 dxe6 8. d3 0-0 9. 0-0 a6 10. a4 Nd4 11. Bg5 h6 12. Be3 Nec6 13. Qd2 Kh7 14. Ne2 Nxe2+ 15. Qxe2 Nd4 16. Qf2 Nxf3+ 17. Qxf3 Bd4 18. c3 Bxe3+ 19. Qxe3 Qe7 20. e5 Bd7 21. Rf3 Kg7 22. Bb3 b5 23. a5 Bc6 24. Rf6 Rad8 25. Raf1 Bd5 26. Bc2 Qc7 27. Qg3 Qb7 28. h4 b4 29. h5 g5 30. Rxh6 Rg8 31. Qxg5+ 1-0

[Event "Hessen-ch Seniors op 12th"]
[Site "Bad Sooden-Allendorf"]
[Date "2016.05.01"]
[Round "2"]
[White "Haubt, Georg"]
[Black "Krebs, Dietmar"]
[Result "1-0"]
[WhiteElo "2169"]
[BlackElo "2004"]
[PlyCount "77"]
[EventDate "2016.04.30"]
[EventType "swiss"]
[EventRounds "9"]
[EventCountry "GER"]
[SourceTitle "EXT 2019"]
[Source "ChessBase"]
[SourceDate "2018.10.10"]
[SourceVersion "1"]
[SourceVersionDate "2018.10.10"]
[SourceQuality "1"]

1. d4 Nf6 2. Bg5 e6 3. e4 h6 4. Bxf6 Qxf6 5. c3 d6 6. Bd3 g6 7. Ne2 Bg7 8. 0-0 0-0 9. f4 Nc6 10. Nd2 Qe7 11. e5 d5 12. Qe1 Qd8 13. g4 Ne7 14. Qh4 b6 15. Nf3 c5 16. Qh3 a5 17. Nh4 Ba6 18. Bxa6 Rxa6 19. f5 exf5 20. gxf5 Nxf5 21. Nxf5 gxf5 22. Rxf5 Qd7 23. Nf4 cxd4 24. Nh5 Qe6 25. cxd4 b5 26. Kh1 Qe8 27. Nf6+ Bxf6 28. Qxh6 Bg7 29. Qxa6 f6 30. Rg1 fxe5 31. Rfg5 Rf7 32. dxe5 d4 33. Rc1 Qe7 34. Rc8+ Rf8 35. Rxf8+ Kxf8 36. Qa8+ Kf7 37. Qd5+ Kf8 38. Rf5+ Ke8 39. Qxb5+ 1-0

[Event "Hessen-ch Seniors op 11th"]
[Site "Bad Sooden-Allendorf"]
[Date "2015.05.14"]
[Round "6"]
[White "Selig, Rainer"]
[Black "Krebs, Dietmar"]
[Result "1-0"]
[WhiteElo "2103"]
[BlackElo "2075"]
[PlyCount "73"]
[EventDate "2015.05.09"]
[EventType "swiss"]
[EventRounds "9"]
[EventCountry "GER"]
[SourceTitle "EXT 2018"]
[Source "ChessBase"]
[SourceDate "2017.10.13"]
[SourceVersion "1"]
[SourceVersionDate "2017.10.13"]
[SourceQuality "1"]

1. d4 Nf6 2. Nf3 c5 3. dxc5 Qa5+ 4. Nc3 e6 5. Nd4 a6 6. Nb3 Qc7 7. Be3 Ng4 8. Qd4 Nxe3 9. Qxe3 Be7 10. Qg3 Qxg3 11. hxg3 Nc6 12. 0-0-0 0-0 13. e3 a5 14. Na4 Rd8 15. Nb6 Rb8 16. Bb5 Ne5 17. Rd2 f5 18. Rhd1 Kf7 19. Bxd7 Bxd7 20. Nxd7 Nxd7 21. Rxd7 Rxd7 22. Rxd7 Ke8 23. Rd4 Rc8 24. Nxa5 Bxc5 25. Rd3 b6 26. Nb7 Ke7 27. Nxc5 Rxc5 28. a4 Ra5 29. b3 Rc5 30. Kb2 e5 31. b4 Rc6 32. Kb3 e4 33. Rd5 Ke6 34. c4 h5 35. a5 bxa5 36. Rxa5 Rd6 37. b5 1-0

[Event "Mittelrhein Verbandsliga Ost 1415"]
[Site "Mittelrhein"]
[Date "2014.10.19"]
[Round "3.4"]
[White "Krebs, Dietmar"]
[Black "Hess, Dennis"]
[Result "1-0"]
[WhiteElo "1912"]
[BlackElo "1991"]
[PlyCount "120"]
[EventDate "2014.09.07"]
[EventType "team-tourn"]
[EventRounds "11"]
[EventCountry "GER"]
[SourceTitle "EXT 2023"]
[Source "ChessBase"]
[SourceDate "2022.10.05"]
[SourceVersion "1"]
[SourceVersionDate "2022.10.05"]
[SourceQuality "1"]
[WhiteTeam "Koeln Lasker II"]
[BlackTeam "Langenfeld II"]
[WhiteTeamCountry "GER"]
[BlackTeamCountry "GER"]

1. e4 d5 2. exd5 Qxd5 3. Nc3 Qa5 4. d4 Nf6 5. Bc4 Nc6 6. Nge2 Bg4 7. f3 Bf5 8. Bd2 0-0-0 9. d5 Qc5 10. Bb3 Nb4 11. Ng3 e6 12. Nce4 Bxe4 13. Nxe4 Nxe4 14. fxe4 exd5 15. exd5 Re8+ 16. Kf1 Nxd5 17. Qg4+ Kb8 18. Re1 Bd6 19. Qf3 c6 20. g3 Qd4 21. Qd3 Rxe1+ 22. Kxe1 Re8+ 23. Kd1 Qxb2 24. Bxd5 Qa1+ 25. Bc1 cxd5 26. Rf1 Ba3 27. Qxa3 Qd4+ 28. Qd3 Qg4+ 29. Rf3 Re4 30. Bf4+ Ka8 31. Kd2 Qd7 32. Re3 Qe7 33. Qxd5 Qb4+ 34. Ke2 Rxe3+ 35. Bxe3 Qe7 36. Qc5 Qxc5 37. Bxc5 b6 38. Bd4 g6 39. g4 Kb7 40. Ke3 Kc6 41. Ke4 Kd6 42. g5 Ke6 43. c4 Kd6 44. a4 Ke6 45. Be5 f5+ 46. gxf6 g5 47. h3 h5 48. Bd4 a6 49. Bxb6 Kxf6 50. c5 Ke6 51. c6 g4 52. hxg4 hxg4 53. c7 Kd7 54. Kf4 Kc8 55. Kxg4 a5 56. Bxa5 Kb7 57. Kf5 Kc8 58. Ke6 Kb7 59. Kd7 Ka7 60. Bd2 Kb6 1-0

[Event "Hessen-ch Seniors op 10th"]
[Site "Bad Sooden-Allendorf"]
[Date "2014.05.01"]
[Round "6"]
[White "Krebs, Dietmar"]
[Black "Weidlich, Guenter"]
[Result "1/2-1/2"]
[WhiteElo "2067"]
[BlackElo "2246"]
[PlyCount "46"]
[EventDate "2014.04.26"]
[EventType "swiss"]
[EventRounds "9"]
[EventCountry "GER"]
[SourceTitle "EXT 2018"]
[Source "ChessBase"]
[SourceDate "2017.10.13"]
[SourceVersion "1"]
[SourceVersionDate "2017.10.13"]
[SourceQuality "1"]

1. e4 g6 2. d4 d6 3. Nc3 c6 4. Nf3 Bg7 5. Be3 b5 6. Bd3 Nd7 7. Qd2 Qc7 8. 0-0 Bb7 9. a4 b4 10. Ne2 a5 11. c3 bxc3 12. bxc3 Ngf6 13. Bh6 0-0 14. Bxg7 Kxg7 15. Rab1 Rfb8 16. Ng3 h6 17. Nh4 e6 18. f4 Ba6 19. f5 Bxd3 20. Qxd3 Rxb1 21. Rxb1 e5 22. fxg6 fxg6 23. Rf1 Rf8 1/2-1/2

[Event "Hessen-ch Seniors op 10th"]
[Site "Bad Sooden-Allendorf"]
[Date "2014.04.29"]
[Round "4"]
[White "Szenetra, Werner"]
[Black "Krebs, Dietmar"]
[Result "1-0"]
[WhiteElo "2193"]
[BlackElo "2067"]
[PlyCount "91"]
[EventDate "2014.04.26"]
[EventType "swiss"]
[EventRounds "9"]
[EventCountry "GER"]
[SourceTitle "EXT 2018"]
[Source "ChessBase"]
[SourceDate "2017.10.13"]
[SourceVersion "1"]
[SourceVersionDate "2017.10.13"]
[SourceQuality "1"]

1. Nf3 c5 2. g3 Nc6 3. d3 g6 4. Bg2 Bg7 5. 0-0 d5 6. Nbd2 e6 7. e4 Nge7 8. exd5 exd5 9. d4 c4 10. c3 0-0 11. Re1 Bf5 12. b3 b5 13. bxc4 bxc4 14. Ba3 Re8 15. Ne5 Nxe5 16. dxe5 Rc8 17. Nf1 Bd3 18. Ne3 d4 19. cxd4 Qxd4 20. Bxe7 Rxe7 21. Nd5 Ree8 22. Qa4 Rcd8 23. Rad1 Qc5 24. Nf6+ Bxf6 25. exf6 Re6 26. Rxe6 fxe6 27. Qa6 Qb6 28. Qa3 Qc7 29. Bh3 Kf7 30. Re1 Bf5 31. Bxf5 gxf5 32. Qe3 Re8 33. Qh6 Kg8 34. Rc1 Qf7 35. Rxc4 Rf8 36. Ra4 Qg6 37. Qxg6+ hxg6 38. Rxa7 Rxf6 39. a4 e5 40. Kf1 Rb6 41. a5 Rb2 42. a6 Ra2 43. Ke1 e4 44. h4 Kh8 45. Kd1 Rxf2 46. Rb7 1-0

[Event "EU-chT Seniors 15th"]
[Site "Dresden"]
[Date "2013.07.24"]
[Round "5"]
[White "Hellwege, Werner"]
[Black "Krebs, Dietmar"]
[Result "0-1"]
[WhiteElo "2033"]
[BlackElo "2080"]
[PlyCount "120"]
[EventDate "2013.07.20"]
[EventType "team-swiss"]
[EventRounds "9"]
[EventCountry "GER"]
[SourceTitle "CBM 155 Extra"]
[Source "ChessBase"]
[SourceDate "2013.08.26"]
[SourceVersion "1"]
[SourceVersionDate "2013.08.26"]
[SourceQuality "1"]
[WhiteTeam "Niedersachsen Freibauer"]
[BlackTeam "Rhein"]
[WhiteTeamCountry "GER"]
[BlackTeamCountry "GER"]

1. d4 Nf6 2. Nf3 c5 3. dxc5 e6 4. c4 Bxc5 5. Nc3 0-0 6. g3 Nc6 7. Bg2 a6 8. 0-0 d6 9. a3 h6 10. b4 Bb6 11. Bb2 Qe7 12. Rc1 Rd8 13. Qc2 Rb8 14. e3 Bd7 15. Ne4 Nxe4 16. Qxe4 f6 17. Rfd1 Be8 18. Nd4 Nxd4 19. exd4 Bf7 20. Qe2 Qe8 21. c5 dxc5 22. dxc5 Rxd1+ 23. Rxd1 Bc7 24. Rd2 e5 25. c6 bxc6 26. Qxa6 e4 27. Qe2 Bd5 28. Bh3 Be5 29. Rd1 Bxb2 30. Qxb2 Qh5 31. Rxd5 Qxd5 32. Bf1 Kh8 33. Qc3 Re8 34. a4 e3 35. fxe3 Qf3 36. Bg2 Rxe3 37. Qd2 Rd3 38. Bxf3 Rxd2 39. Bxc6 Rd4 40. a5 Rxb4 41. a6 Rb1+ 42. Kf2 Ra1 43. Bb7 Ra3 44. Ke2 Kg8 45. Kd2 Kf8 46. Kc2 Ke7 47. Kb2 Ra5 48. Kb3 Kd6 49. Kb4 Ra1 50. Kc4 Kc7 51. Kd5 Re1 52. Kd4 Kb6 53. h3 g5 54. h4 Rg1 55. hxg5 fxg5 56. Ke3 Rxg3+ 57. Kf2 Ra3 58. Kg2 Rxa6 59. Bf3 Ra2+ 60. Kg1 Kc5 0-1